मानव चरित्र के व्यंग्य (Record no. 356545)

MARC details
000 -LEADER
fixed length control field 00619nam a2200193 4500
005 - DATE & TIME
control field 20240814122750.0
008 - FIXED-LENGTH DATA ELEMENTS--GENERAL INFORMATION
fixed length control field 240814b |||||||| |||| 00| 0 eng d
020 ## - ISBN
International Standard Book Number 9789352664054
Price रु 400.00
040 ## - CATALOGING SOURCE
Original cataloging agency VIVEKANANDA LIBRARY
082 ## - DDC NUMBER
Classification number 891.437731
Book Number SG23M
100 ## - MAIN ENTRY--PERSONAL NAME
Relator code शरण, गिरिराज
245 ## - TITLE STATEMENT
Title मानव चरित्र के व्यंग्य
260 ## - PUBLICATION, DISTRIBUTION, ETC. (IMPRINT)
Place of publication, distribution, etc दिल्ली
Name of publisher, distributor, etc प्रभात प्रकाशन
Date of publication, distribution, etc 2017
300 ## - PHYSICAL DESCRIPTION
Pages 142
650 ## - Subject
Subject हिन्दी साहित्य
650 ## - Subject
Subject हिन्दी-व्यंग्य
942 ## - ADDED ENTRY ELEMENTS (KOHA)
Koha item type Hindi Books
Holdings
Withdrawn status Lost status Source of classification or shelving scheme Damaged status Not for loan Location (home branch) Sublocation or collection (holding branch) Date acquired Koha issues (times borrowed) Koha full call number Accession No. Koha date last seen Koha item type
    Dewey Decimal Classification     VIVEKANANDA LIBRARY VIVEKANANDA LIBRARY 14/08/2024 1 891.437731 SG23M 408512 08/11/2024 Hindi Books
© Designed and Maintained by Vivekananda Library, MDU Rohtak